Itinerario de un nefrópata

Sparad:
Bibliografiska uppgifter
Huvudupphovsman: Valenzuela Quezada, Arturo Andrés (Författare, medförfattare)
Materialtyp: Bok
Språk:spanska
Publicerad: Valparaíso Universitarias de Valparaíso 2009
Ämnen:
Taggar: Lägg till en tagg
Inga taggar, Lägg till första taggen!

MARC

LEADER 00000nam a2200000 a 4500
001 UCH5190
003 CL-VaPUC
008 091008e20090000CL |||||||||||||||||spa|d
020 |a 9789561704428 
082 0 4 |a 128  |b VAL  |2 21 
100 0 |a Valenzuela Quezada, Arturo Andrés  |e author  |9 541404 
245 1 0 |a Itinerario de un nefrópata 
300 |a 117 p 
942 |c BK 
945 |d 20091008 00:00:00  |a rbrito 
260 |a Valparaíso  |b Universitarias de Valparaíso  |c 2009 
650 0 |a Antropología filosófica  |9 265842 
650 7 |a NEFROPATAS  |2 CL-VaPUC  |9 541405 
583 |a last modification  |c 20121001 11:12:15  |k Rodrigo Vera 
999 |c 336372  |d 336370 
952 |0 0  |1 0  |4 0  |6 128_000000000000000_VAL_2009  |7 0  |8 X  |9 427627  |a FDOBUD  |b FDOBUD  |d 2019-11-22  |i 4604989  |o 128 VAL 2009  |p 4604989  |r 2019-11-22  |w 2019-11-22  |y BK_X  |k BUD